| 000 | 00707nam a2200229Ia 4500 | ||
|---|---|---|---|
| 008 | 160404s9999 xx 000 0 und d | ||
| 020 | _a978-971-27-1907-3 | ||
| 050 | _aFIL HD 2346.P5 | ||
| 050 | _b.L43 2007 c.1 | ||
| 245 | _aLearning from small businesses : | ||
| 245 | _ba case book / | ||
| 245 | _cSmall Enterprises Research and Development Foundation, Inc. | ||
| 260 | _aPasig City: | ||
| 260 | _bAnvil Pub. Inc., | ||
| 260 | _c2007 | ||
| 300 | _a200 pages : | ||
| 300 | _billustrations ; | ||
| 300 | _c25 cm. | ||
| 650 | _aSmall business -- Management -- Philippines -- Case studies. | ||
| 650 | _aSmall business -- Management -- Philippines. | ||
| 650 | _xSmall business -- Planning. | ||
| 999 |
_c293262 _d293262 |
||